Подробности
| 000 -МАРКЕР |
| контрольное поле |
01536nam0a22002531 4500 |
| 001 - ИДЕНТИФИКАТОР ЗАПИСИ |
| контрольное поле |
rc\1059739 |
| 005 - ИДЕНТИФИКАТОР ВЕРСИИ |
| контрольное поле |
20260406154531.0 |
| 035 ## - ДРУГИЕ СИСТЕМНЫЕ НОМЕРА |
| Идентификатор записи |
(NLR Aleph) 006220567 |
| 100 ## - ДАННЫЕ ОБЩЕЙ ОБРАБОТКИ |
| Данные общей обработки |
20041129d1980 |||y0rusy50 ca |
| 101 0# - ЯЗЫК РЕСУРСА |
| Язык текста, звукозаписи и т.д. |
русский |
| 102 ## - СТРАНА ПУБЛИКАЦИИ ИЛИ ПРОИЗВОДСТВА |
| Страна публикации |
Российская Федерация |
| 105 ## - ПОЛЕ КОДИРОВАННЫХ ДАННЫХ: ТЕКСТОВЫЕ МАТЕРИАЛЫ, МОНОГРАФИЧЕСКИЕ |
| Кодированные данные о монографическом текстовом документе |
y ||||||||| |
| 200 1# - ЗАГЛАВИЕ И СВЕДЕНИЯ ОБ ОТВЕТСТВЕННОСТИ |
| Основное заглавие |
Деятельность органов народного образования по руководству дошкольными учреждениями |
| Сведения, относящиеся к заглавию |
Тез. докл. Всесоюз. науч.-практ. конф. по орг. работы дошк. учреждений и руководству обществ. дошк. воспитанием, 21-25 дек. 1980 г. |
| Первые сведения об ответственности |
[Составители Т.С. Комарова и др.] |
| 210 ## - ПУБЛИКАЦИЯ, РАСПРОСТРАНЕНИЕ И ДР. |
| Место издания, распространения и т.д. |
М. |
| Имя издателя, распространителя и т. д. |
Б. и. |
| Дата издания, распространения и т.д. |
1980 |
| 215 ## - ФИЗИЧЕСКАЯ ХАРАКТЕРИСТИКА |
| Специфическое обозначение материала и объем |
112 с. |
| Размеры |
19 |
| 300 ## - ОБЩИЕ ПРИМЕЧАНИЯ |
| Текст примечания |
В надзаг.: ВДНХ СССР, М-во просвещения СССР, Упр. по дошк. воспитанию, НИИ дошк. воспитания АПН СССР |
| 702 #1 - ИМЯ ЛИЦА - ВТОРИЧНАЯ ОТВЕТСТВЕННОСТЬ |
| Код отношения |
Составитель |
| Графика поля |
Кириллица |
| Материалы, к которым относится поле |
rus |
| Начальный элемент ввода |
Комарова |
| Часть имени, кроме начального элемента ввода |
Т. С. |
| Дополнения к именам, кроме дат |
д-р пед. наук |
| Даты |
1931- |
| Расширение инициалов личного имени |
Тамара Семеновна |
| Системный номер авторитетной/нормативной записи |
117122 |
| Идентификатор авторитетной/нормативной записи |
RU\NLR\AUTH\777183 |
| 712 12 - НАИМЕНОВАНИЕ ОРГАНИЗАЦИИ - ВТОРИЧНАЯ ОТВЕТСТВЕННОСТЬ |
| Начальный элемент ввода |
Всесоюзная науч.-практ. конф. по организации работы дошкольных учреждений и руководству общественным дошкольным воспитанием |
| Дата проведения временной организации |
1980 |
| Место проведения временной организации |
Москва |
| 801 #0 - ИСТОЧНИК ЗАПИСИ |
| Страна |
Российская Федерация |
| Организация |
NLR |
| Правила каталогизации |
psbo |
| 801 #1 - ИСТОЧНИК ЗАПИСИ |
| Страна |
Российская Федерация |
| Организация |
ELAR |
| Источник данных |
rusmarc |
| 852 ## - МЕСТОНАХОЖДЕНИЕ И ШИФР ХРАНЕНИЯ |
| Идентификатор организации |
NLR |
| Шифр хранения (Call Number) |
81-3/3239 |
| 942 ## - ДОПОЛНИТЕЛЬНЫЕ ЭЛЕМЕНТЫ ЗАПИСИ (АБИС) |
| Тип экземпляра АБИС |
Книга |
| 980 ## - КОЛЛЕКЦИЯ |
| Название коллекции |
Национальная библиография |